Siput yang hebat

Bibliographic Details
Format: Book
Published: Kuala Lumpur : Fargoes , 2005
Series:Siri adikku rajin membaca
Subjects:

MARC

LEADER 00000cam a2200000 7i4500
001 0000007734
005 20070925.0
008 070906
020 |a 9833313159 
090 0 0 |a JF   |b JAW (8633) 
245 1 0 |a Siput yang hebat 
260 |a Kuala Lumpur :   |b Fargoes ,   |c 2005 
300 |a 1 compact disc 
440 |a Siri adikku rajin membaca 
650 0 |a Jawi   |x Fiction 
999 |a 0000903466   |b Book   |c Children Collection   |e Cawangan Mersing 
999 |a 0000903467   |b Book   |c Children Collection   |e Cawangan Mersing 
999 |a 0000903470   |b Book   |c Children Collection   |e Cawangan Tangkak 
999 |a 0000903471   |b Book   |c Children Collection   |e Cawangan Tangkak 
999 |a 0000903472   |b Book   |c Children Collection   |e Cawangan Tmn. Ungku Tun Aminah 
999 |a 0000903473   |b Book   |c Children Collection   |e Cawangan Tmn. Ungku Tun Aminah 
999 |a 0000903474   |b Book   |c Children Collection   |e Cawangan Sri Merlong 
999 |a 0000903475   |b Book   |c Children Collection   |e Cawangan Sri Merlong 
999 |a 0000990983   |b Book   |c Children Collection   |e Perbadanan Perpustakaan Awam Johor 
999 |a 0000990984   |b Book   |c Children Collection   |e Perbadanan Perpustakaan Awam Johor 
999 |a 0000990985   |b Book   |c Children Collection   |e Perbadanan Perpustakaan Awam Johor